25 Most Planted Wine Grape Varieties in France - Statistics

General Stats
  • This quiz has been taken 31 times
  • The average score is 15 of 25
Answer Stats
Rank Grape Variety Vineyard Area (ha) % Correct
5 Chardonnay 47,451
100%
6 Cabernet Sauvignon 46,555
95%
9 Pinot Noir / Blauer Burgunder / Spätburgunder 31,602
95%
10 Sauvignon Blanc 28,084
95%
1 Merlot 108,483
91%
7 Cabernet Franc 32,327
77%
3 Grenache Noir / Garnacha Tinta 78,631
77%
21 Malbec / Côt 6,100
77%
16 Chenin Blanc 9,432
73%
24 Riesling 4,025
73%
4 Syrah / Shiraz 62,211
73%
11 Gamay Noir 24,095
59%
18 Mourvèdre / Monastrell / Mataro 8,754
59%
13 Pinot Meunier 12,130
59%
14 Sémillon 10,234
59%
8 Carignan / Mazuelo / Cariñena 31,760
45%
2 Ugni Blanc / Trebbiano Toscano 78,842
45%
17 Viognier 8,823
45%
12 Cinsault 15,930
41%
22 Grenache Blanc / Garnacha Blanca 5,130
32%
15 Melon de Bourgogne 9,550
32%
19 Colombard 8,441
27%
23 Vermentino 4,642
18%
20 Muscat Blanc à Petits Grains 7,333
14%
25 Marselan 3,662
0%
No matching quizzes found
Score Distribution
Percent of People with Each Score
Percentile by Number Answered
Your Score History
You have not taken this quiz